|
|
|
|
| LEADER |
00959nam a2200277 a 4500 |
| 001 |
28281 |
| 003 |
BD-DhAAL |
| 005 |
20190523140307.0 |
| 008 |
141208r20122012ii a d 001 0 eng d |
| 999 |
|
|
|c 33264
|d 33264
|
| 020 |
|
|
|a 9788126535644
|
| 040 |
|
|
|a DLC
|c DLC
|d DLC
|d BD-DhAAL
|
| 050 |
0 |
0 |
|a NA31
|b .C44 1995
|
| 082 |
0 |
0 |
|a 720.3
|2 20
|
| 100 |
1 |
|
|a Ching, Francis D. K.
|9 6698
|
| 245 |
1 |
2 |
|a A visual dictionary of architecture /
|c Francis D.K. Ching.
|
| 246 |
3 |
0 |
|a Architecture
|
| 260 |
|
|
|a New Delhi :
|b John Wiley & Sons,
|c c2012 [reprinted 2012].
|
| 300 |
|
|
|a viii, 328 p. :
|b ill. ;
|c 31 cm.
|
| 500 |
|
|
|a Includes index.
|
| 526 |
|
|
|a ARC
|
| 541 |
|
|
|e 28281
|
| 650 |
|
0 |
|a Architecture
|v Dictionaries.
|9 6699
|
| 650 |
|
0 |
|a Picture dictionaries, English.
|9 6700
|
| 942 |
|
|
|2 ddc
|c BK
|0 2
|
| 952 |
|
|
|0 0
|1 0
|2 ddc
|4 0
|6 720_300000000000000_CHI
|7 0
|9 44416
|a BRACUL
|b BRACUL
|c GEN
|d 2014-12-08
|l 11
|m 169
|o 720.3 CHI
|p 3010028281
|q 2026-06-02
|r 2026-04-26
|s 2026-04-26
|t 1
|w 2014-12-08
|y BK
|